Organic superconductors /

Na minha lista:
Detalhes bibliográficos
Main Authors: Ishiguro, T (Author), Yamaji, K (Author)
Formato: Livro
Idioma:inglês
Publicado em: Berlin : Springer Verlag, 1990
Tags: Adicionar Tag
Sem tags, seja o primeiro a adicionar uma tag!

MARC

LEADER 00000nam a22000003a 4500
001 stu1998
005 20150617225619.7
008 920616s1990----gw------------------eng-d
040 |a STU  |b slo 
041 0 |a eng 
044 |a gw 
080 |a 538.945 
080 |a 547 
080 |a 621.315.5 
100 1 |a Ishiguro, T  |4 aut 
245 1 |a Organic superconductors /  |c [aut.] Ishiguro,T.; Yamaji,K 
260 |a Berlin :  |b Springer Verlag,  |c 1990 
300 |a 288 s 
700 1 |a Yamaji, K  |4 aut 
996 |b E70639  |c E*70639  |l EE05  |s P  |a 0  |w stu1998_0001